书目信息 |
| 书名: | Right from the start | |
| 作者: | Bernard Spodek. | |
| 分册号: | ||
| 分册名: | 出版地: | BOSTON : |
|
| 出版社: | Allyn and Bacon | |
| 出版时间: | 1994. | |
| 页数: | 554 p. ; | |
| 开本: | 24cm. | |
| 丛书名: | ||
| 中图分类号: | ||
| 科图分类号: | ||
| 其他分类号: | G619.712 | |
| 主题词: | ||
| 电子资源: | ||
| 000 | 00437nam 2200145 a 4500 | |
| 001 | E0457960040 | |
| 005 | 2004121616060004 | |
| 008 | 041216s1994 00010 eng | |
| 020 | @a0-205-15281-3 :@cRMB 12.00. | |
| 040 | @aPFT@beng | |
| 090 | @aG619.712 | |
| 099 | @dG619.712@eS762 | |
| 245 | @aRight from the start :@bteaching children ages three to eight / @cBernard Spodek. | |
| 260 | @aBOSTON :@bAllyn and Bacon,@c1994. | |
| 300 | @a554 p. ;@c24cm. | |
| Right from the start : : teaching children ages three to eight / / Bernard Spodek.-BOSTON : : Allyn and Bacon, , 1994. |
| 554 p. ; ; 24cm. |
| ISBN 0-205-15281-3 :RMB 12.00. |
| ● |
| 相关链接 |
|
|
|
正题名:Right from the start
索取号:G619.712/S762
 
预约/预借
| 序号 | 登录号 | 条形码 | 馆藏地/架位号 | 状态 | 备注 |
| 1 | 04607 | 300046073 | 社科库409/409社科库 119排2列4层/ [索取号:G619.712/S762] | 在馆 |